Kiến trúc Việt Nam
Сохранить в:
| Формат: | |
|---|---|
| Язык: | Undetermined |
| Опубликовано: |
Hà Nội
Bộ Xây dựng
|
| Предметы: | |
| Метки: |
Добавить метку
Нет меток, Требуется 1-ая метка записи!
|
| Thư viện lưu trữ: | Trung tâm Học liệu Trường Đại học Cần Thơ |
|---|
| LEADER | 00443nam a2200157Ia 4500 | ||
|---|---|---|---|
| 001 | CTU_234945 | ||
| 008 | 210402s9999 xx 000 0 und d | ||
| 020 | |c 50000 | ||
| 082 | |a 720 | ||
| 082 | |b K305 | ||
| 245 | 0 | |a Kiến trúc Việt Nam | |
| 245 | 0 | |c Bộ Xây dựng | |
| 260 | |a Hà Nội | ||
| 260 | |b Bộ Xây dựng | ||
| 650 | |a Architecture,Kiến trúc | ||
| 980 | |a Trung tâm Học liệu Trường Đại học Cần Thơ | ||